000 02248nam a22002777a 4500
001 1169
005 20230807101014.0
008 230807b cb ||||| |||| 00| 0 khr d
020 _a9789924341130
040 _aFISKH
_beng
_cFISKH
_dFISKH
082 _a616.97
100 _aSopheap, Siet
245 _aវារីឈឺ /
260 _aPhnom Penh :
_bSipar,
_c2021.
300 _a24 pages :
_bcolor illustrations ;
_c21 cm
490 _aខ្ញុំចេះអាន
505 _aG
520 _aបន្ទាប់ពីត្រឡប់មកពីហែលទឹកវិញខ្លួនរបស់វារីប្រែជាក្រហម ហើយគេក៏បានសម្រាកឈឺនៅលើគ្រែទៅ ធ្វើឲបងស្រីរបស់គេមានការបារម្ភជាខ្លាំង។ បន្ទាប់ពីមិត្តរបស់វារីបានដឹងដំណឹងនេះហើយ ពួកគេក៏បានមកលេងនិងរកមធ្យោបាយធ្វើយ៉ាងណាឲវារីបានជាសះស្បើយ។ ទេពិ បានប្រាប់ម្ដាយរបស់ខ្លួនឲផ្សំថ្នាំ ហើយបានយកមកអោយវារីផឹក ។ បន្ទាប់ពីបានផឹកថ្នាំហើយ វារីក៏បានជាសះស្បើយ ហើយត្រឡប់ទៅលេងជាមួយមិត្តរបស់គេជាថ្មីម្ដងទៀត។
520 _aAfter returned from swimming, Vary's body turned red and he lay sick on bed, made his sister concern very much. Then Vary's friends heard the news, they came to visit and find a way to get him healed. Tepi one of a friend told her mother to get the medicine and bring it to Vary to drink. After taking the medicine, Vary recovered and went back to play with his friend again.
521 _a380
_bLexile estimate
521 _aG
_bRaz-Plus
650 _aឈឺ
_vបារម្ភ​
_xមិត្តភាព
650 _aSick
_vWorry
_xFriendship
700 _aSopheap, Siet
_cillustrator
942 _2ddc
_cBK
_n0
999 _c1169
_d1169